[Event "POR-chT"]
[Site "Soure"]
[Date "2024.07.18"]
[Round "5.14"]
[White "Martins, David Pires Tavares"]
[Black "Korneev, Oleg"]
[Result "1/2-1/2"]
[WhiteElo "2412"]
[BlackElo "2459"]
[PlyCount "69"]
[EventDate "2024.07.15"]
[EventType "team-tourn"]
[EventRounds "9"]
[EventCountry "POR"]
[SourceTitle "CBM 221 Extra"]
[Source "ChessBase"]
[SourceDate "2024.09.30"]
[SourceVersion "1"]
[SourceVersionDate "2024.09.30"]
[SourceQuality "1"]
[WhiteTeam "Dias Ferreira"]
[BlackTeam "EPGaia"]
[WhiteTeamCountry "POR"]
[BlackTeamCountry "POR"]

1. c4 e5 2. Nc3 Nf6 3. Nf3 Nc6 4. e3 Bb4 5. Qc2 Bxc3 6. Qxc3 Qe7 7. a3 d5 8. d4 exd4 9. Nxd4 Nxd4 10. Qxd4 c5 11. Qh4 dxc4 12. Bxc4 Be6 13. Bb5+ Bd7 14. Bxd7+ Nxd7 15. Qxe7+ Kxe7 16. Bd2 b5 17. 0-0-0 f6 18. Ba5 Nb6 19. Bxb6 axb6 20. Rd3 Rhd8 21. Rhd1 Rxd3 22. Rxd3 b4 23. axb4 Ra1+ 24. Kd2 Rh1 25. bxc5 bxc5 26. h3 Rh2 27. Rd5 Rxg2 28. Ke2 Rh2 29. Rxc5 Rxh3 30. Rc7+ Kf8 31. Rb7 h5 32. b4 Rh1 33. Kf3 h4 34. b5 Rg1 35. Rb8+ 1/2-1/2

[Event "POR-chT"]
[Site "Soure"]
[Date "2024.07.16"]
[Round "2.18"]
[White "Martins, David Pires Tavares"]
[Black "Roshka, Yevgeniy"]
[Result "1-0"]
[WhiteElo "2412"]
[BlackElo "2478"]
[PlyCount "67"]
[EventDate "2024.07.15"]
[EventType "team-tourn"]
[EventRounds "9"]
[EventCountry "POR"]
[SourceTitle "CBM 221 Extra"]
[Source "ChessBase"]
[SourceDate "2024.09.30"]
[SourceVersion "1"]
[SourceVersionDate "2024.09.30"]
[SourceQuality "1"]
[WhiteTeam "Dias Ferreira"]
[BlackTeam "Estrelas S Joao de Brito"]
[WhiteTeamCountry "POR"]
[BlackTeamCountry "POR"]

1. c4 e6 2. Nf3 Nf6 3. g3 a6 4. Bg2 b5 5. b3 Bb7 6. 0-0 c5 7. Na3 b4 8. Nc2 d6 9. d4 Nbd7 10. Bb2 Be7 11. d5 exd5 12. Nh4 Nb6 13. cxd5 0-0 14. Nf5 Re8 15. Nxe7+ Qxe7 16. e4 Nxe4 17. Re1 f5 18. f3 Bxd5 19. fxe4 Bxe4 20. Ne3 Qe6 21. g4 fxg4 22. Bxe4 Qxe4 23. Qxd6 Re6 24. Qc7 Rg6 25. Nc4 Qf3 26. Ne5 Qf4 27. Bc1 Qf6 28. Nxg6 Qxa1 29. Ne7+ Kh8 30. Qxb6 Qc3 31. Qe6 g3 32. Nf5 gxh2+ 33. Kxh2 Rf8 34. Qe5 1-0

[Event "SUI-chT"]
[Site "Switzerland"]
[Date "2024.04.14"]
[Round "2.1"]
[White "Edouard, Romain"]
[Black "Martins, David Pires Tavares"]
[Result "1-0"]
[WhiteElo "2523"]
[BlackElo "2412"]
[PlyCount "139"]
[EventDate "2024.03.10"]
[EventType "team-tourn"]
[EventRounds "9"]
[EventCountry "SUI"]
[SourceTitle "CBM 220 Extra"]
[Source "ChessBase"]
[SourceDate "2024.07.31"]
[SourceVersion "1"]
[SourceVersionDate "2024.07.31"]
[SourceQuality "1"]
[WhiteTeam "Geneve"]
[BlackTeam "Reti"]
[WhiteTeamCountry "SUI"]
[BlackTeamCountry "SUI"]

1. Nf3 e6 2. g3 b5 3. Bg2 Bb7 4. 0-0 Nf6 5. d3 Be7 6. e4 d6 7. Nd4 b4 8. e5 Bxg2 9. exf6 Bxf6 10. Nxe6 fxe6 11. Kxg2 Qd7 12. Qh5+ g6 13. Qg4 Nc6 14. Nd2 d5 15. Qd1 0-0 16. h4 Rf7 17. h5 Raf8 18. Nb3 e5 19. a3 bxa3 20. Rxa3 Qf5 21. Ra6 Nb4 22. Ra4 a5 23. h6 e4 24. Nxa5 c5 25. Nb3 Be7 26. Bd2 exd3 27. Bxb4 dxc2 28. Qe2 cxb4 29. Ra7 Qe4+ 30. Qxe4 dxe4 31. Rc7 Bg5 32. Rxc2 Bxh6 33. Re1 Rf3 34. Nd4 b3 35. Rce2 Bg5 36. Ne6 R8f5 37. g4 Rd5 38. Rxe4 Rf7 39. R1e2 h6 40. Rb4 Bf6 41. Rxb3 Re7 42. Rb8+ Kh7 43. Rb6 Kg8 44. Nf4 Rxe2 45. Rxf6 Rde5 46. Nxe2 Kg7 47. Rb6 Rxe2 48. b4 g5 49. Kf3 Re1 50. Rb7+ Kg6 51. Rb6+ Kg7 52. Rb8 Kg6 53. b5 Kg7 54. Rc8 Rb1 55. Rc7+ Kf8 56. Rb7 Rf1 57. Rd7 Rb1 58. Rb7 Rg1 59. Rd7 Rb1 60. Rd5 Rb2 61. Ke4 Rxf2 62. b6 Rb2 63. Rd6 Kg7 64. Kd5 h5 65. gxh5 g4 66. Kc6 Rc2+ 67. Kd7 Rb2 68. Kc7 Rc2+ 69. Kb8 Kf7 70. Rg6 1-0

[Event "SUI-chT"]
[Site "Switzerland"]
[Date "2024.03.10"]
[Round "1.4"]
[White "Brunner, Nicolas"]
[Black "Martins, David Pires Tavares"]
[Result "1/2-1/2"]
[WhiteElo "2416"]
[BlackElo "2412"]
[PlyCount "68"]
[EventDate "2024.03.10"]
[EventType "team-tourn"]
[EventRounds "9"]
[EventCountry "SUI"]
[SourceTitle "CBM 220 Extra"]
[Source "ChessBase"]
[SourceDate "2024.07.31"]
[SourceVersion "1"]
[SourceVersionDate "2024.07.31"]
[SourceQuality "1"]
[WhiteTeam "Riehen"]
[BlackTeam "Reti"]
[WhiteTeamCountry "SUI"]
[BlackTeamCountry "SUI"]

1. d4 e6 2. c4 f5 3. g3 Nf6 4. Bg2 c6 5. Qc2 d5 6. Nh3 Bd6 7. 0-0 0-0 8. Bf4 Be7 9. Nd2 h6 10. Bxb8 Rxb8 11. Nf4 Qe8 12. Nf3 g5 13. Nd3 Qg6 14. Nfe5 Qg7 15. b4 Nd7 16. b5 Nxe5 17. Nxe5 Bd6 18. f4 Bd7 19. e3 Bxe5 20. fxe5 Rfc8 21. bxc6 Rxc6 22. Qa4 Rcc8 23. Qxa7 dxc4 24. a4 b5 25. axb5 Bxb5 26. Qxg7+ Kxg7 27. Rfc1 c3 28. Bf1 Bxf1 29. Kxf1 Rb2 30. Ra3 Rxh2 31. Rcxc3 Rb8 32. Rcb3 Rc8 33. Rc3 Rb8 34. Rcb3 Rc8 1/2-1/2

[Event "Lorca op 10th"]
[Site "Lorca"]
[Date "2021.12.30"]
[Round "8"]
[White "Laddha, Shubh Jayesh"]
[Black "Martins, David Pires Tavares"]
[Result "0-1"]
[WhiteElo "2171"]
[BlackElo "2414"]
[PlyCount "86"]
[EventDate "2021.12.26"]
[EventType "swiss"]
[EventRounds "9"]
[EventCountry "ESP"]
[SourceTitle "CBM 205 Extra"]
[Source "ChessBase"]
[SourceDate "2022.01.31"]
[SourceVersion "1"]
[SourceVersionDate "2022.01.31"]
[SourceQuality "1"]

1. e4 g6 2. d4 Bg7 3. Nf3 d6 4. c3 Nf6 5. Bd3 0-0 6. 0-0 Nbd7 7. Nbd2 e5 8. a4 exd4 9. cxd4 c5 10. d5 Ng4 11. Nc4 Nde5 12. Nfxe5 Nxe5 13. Nxe5 Bxe5 14. Qc2 f5 15. exf5 Bxf5 16. Bd2 Qh4 17. g3 Qd4 18. Bxf5 Rxf5 19. Bc3 Qxd5 20. Bxe5 Rxe5 21. Rad1 Qe6 22. Qd3 Rd8 23. Qc3 Re8 24. Rd3 b6 25. b4 Re1 26. bxc5 dxc5 27. Qd2 Qe2 28. Qxe2 R8xe2 29. Rd7 Re7 30. Rd6 Kf7 31. f4 Ke8 32. a5 R1e6 33. Rdd1 c4 34. axb6 axb6 35. Rd5 c3 36. Kf2 Re2+ 37. Kf3 Re1 38. Rf2 R7e3+ 39. Kg4 R3e2 40. Rxe2+ Rxe2 41. Rd6 c2 42. Rc6 Kd7 43. Rc3 b5 0-1

[Event "Online Olym Div2 C"]
[Site "Chess.com INT"]
[Date "2020.08.14"]
[Round "2.2"]
[White "Pelletier, Yannick"]
[Black "Martins, David Pires Tavares"]
[Result "1-0"]
[WhiteElo "2581"]
[BlackElo "2398"]
[PlyCount "97"]
[EventDate "2020.08.14"]
[EventType "team-tourn (rapid)"]
[EventRounds "9"]
[EventCountry "USA"]
[SourceTitle "CBM 198"]
[Source "ChessBase"]
[SourceDate "2020.10.31"]
[SourceVersion "1"]
[SourceVersionDate "2020.10.31"]
[SourceQuality "1"]
[WhiteTeam "Switzerland"]
[BlackTeam "Portugal"]
[WhiteTeamCountry "SUI"]
[BlackTeamCountry "POR"]

1. d4 d6 2. Nf3 f5 3. c4 Nf6 4. Nc3 g6 5. g3 Bg7 6. Bg2 0-0 7. 0-0 Na6 8. d5 Nc5 9. Be3 Nfe4 10. Nxe4 fxe4 11. Nd4 a5 12. Qc2 Bf5 13. Nxf5 gxf5 14. f3 exf3 15. Rxf3 e5 16. Rxf5 Rxf5 17. Qxf5 Qf6 18. Qxf6 Bxf6 19. Rf1 Bg7 20. Bh3 Rf8 21. Bf5 Na4 22. Bc1 Kh8 23. Bc2 Rxf1+ 24. Kxf1 Nc5 25. b3 Bf6 26. Bh6 c6 27. Kg2 cxd5 28. cxd5 Na6 29. a3 Nc5 30. Kf3 e4+ 31. Kg4 Bb2 32. a4 Kg8 33. Kf5 Kf7 34. Bd2 b6 35. Be3 Be5 36. Bxe4 Nxb3 37. Bxb6 Nd4+ 38. Kg5 Nxe2 39. Bxa5 Kg7 40. Bd2 Nc3 41. Bxc3 Bxc3 42. g4 h6+ 43. Kh5 Bd2 44. h4 Kf6 45. a5 Bxa5 46. Kxh6 Be1 47. g5+ Kf7 48. Kh7 Kf8 49. g6 1-0

[Event "Online Olym Div3 B"]
[Site "Chess.com INT"]
[Date "2020.08.08"]
[Round "5.1"]
[White "Gourlay, Iain"]
[Black "Martins, David Pires Tavares"]
[Result "0-1"]
[WhiteElo "2342"]
[BlackElo "2398"]
[PlyCount "60"]
[EventDate "2020.08.07"]
[EventType "team-tourn (rapid)"]
[EventRounds "9"]
[EventCountry "USA"]
[SourceTitle "CBM 198"]
[Source "ChessBase"]
[SourceDate "2020.10.31"]
[SourceVersion "1"]
[SourceVersionDate "2020.10.31"]
[SourceQuality "1"]
[WhiteTeam "Scotland"]
[BlackTeam "Portugal"]
[WhiteTeamCountry "SCO"]
[BlackTeamCountry "POR"]

1. c4 e6 2. g3 Nf6 3. Bg2 a6 4. Nf3 b5 5. b3 Bb7 6. 0-0 Be7 7. Bb2 c5 8. e3 Qb6 9. Nc3 0-0 10. Qe2 bxc4 11. bxc4 Nc6 12. Rab1 Rab8 13. Nd5 Qd8 14. Nxe7+ Qxe7 15. Ne5 Nd8 16. Ng4 Nxg4 17. Qxg4 f6 18. Bc3 Bxg2 19. Rxb8 Bxf1 20. Kxf1 Nc6 21. Rb6 Qd6 22. Qe4 Ra8 23. d4 cxd4 24. exd4 Qc7 25. c5 Rb8 26. d5 Nd8 27. Qb4 Rc8 28. Rxa6 exd5 29. Bd4 Nc6 30. Rb6 Nxb4 0-1

[Event "Warsaw Przepiorka Memorial"]
[Site "Warsaw"]
[Date "2019.12.31"]
[Round "9"]
[White "Kokoszczynski, Jan"]
[Black "Martins, David Pires Tavares"]
[Result "1/2-1/2"]
[WhiteElo "2264"]
[BlackElo "2422"]
[PlyCount "135"]
[EventDate "2019.12.27"]
[EventType "swiss"]
[EventRounds "9"]
[EventCountry "POL"]
[SourceTitle "CBM 194 Extra"]
[Source "ChessBase"]
[SourceDate "2020.03.31"]
[SourceVersion "1"]
[SourceVersionDate "2020.03.31"]
[SourceQuality "1"]

1. e4 Nc6 2. d4 d5 3. e5 f6 4. exf6 Nxf6 5. Nf3 Bg4 6. Bb5 Qd6 7. Nc3 a6 8. Bxc6+ Qxc6 9. h3 Bxf3 10. Qxf3 e6 11. Bg5 Bb4 12. Bxf6 0-0 13. Qd3 Rxf6 14. 0-0 Raf8 15. Nd1 Qb6 16. Ne3 Rf4 17. Rad1 c5 18. c3 cxd4 19. Nxd5 exd5 20. cxb4 Qxb4 21. Rd2 Re8 22. Rfd1 Rfe4 23. Kh2 h5 24. f3 Qd6+ 25. Kg1 Re1+ 26. Rxe1 Rxe1+ 27. Kf2 Qe5 28. Qxd4 Re2+ 29. Kg1 Re1+ 30. Kf2 Re2+ 31. Kg1 Qxd4+ 32. Rxd4 Rxb2 33. a4 Ra2 34. Rb4 Kh7 35. Rxb7 Rxa4 36. Rd7 d4 37. Rd6 h4 38. Kf2 a5 39. f4 Rb4 40. Ra6 a4 41. f5 Rb2+ 42. Kf3 Rb3+ 43. Ke4 d3 44. Rxa4 d2 45. Ra1 Rg3 46. Rd1 Rxg2 47. Ke3 Rg3+ 48. Kf4 Rd3 49. Ke4 Rxh3 50. Rxd2 Kh6 51. Kf4 Ra3 52. Kg4 Ra4+ 53. Kh3 Kh5 54. Rg2 Ra3+ 55. Kh2 Rg3 56. Rf2 Kg5 57. Rf1 Kf6 58. Rf4 Kg5 59. Rf1 Kf6 60. Rf4 Rg5 61. Rxh4 Kxf5 62. Ra4 Rg4 63. Ra5+ Kf4 64. Ra4+ Kg5 65. Ra5+ Kh4 66. Ra3 Rg5 67. Ra4+ Rg4 68. Ra3 1/2-1/2

[Event "Warsaw Przepiorka Memorial"]
[Site "Warsaw"]
[Date "2019.12.30"]
[Round "8"]
[White "Martins, David Pires Tavares"]
[Black "Kubicka, Anna"]
[Result "1-0"]
[WhiteElo "2422"]
[BlackElo "2221"]
[PlyCount "65"]
[EventDate "2019.12.27"]
[EventType "swiss"]
[EventRounds "9"]
[EventCountry "POL"]
[SourceTitle "CBM 194 Extra"]
[Source "ChessBase"]
[SourceDate "2020.03.31"]
[SourceVersion "1"]
[SourceVersionDate "2020.03.31"]
[SourceQuality "1"]

1. d4 Nf6 2. c4 e6 3. Nc3 Bb4 4. f3 c5 5. d5 exd5 6. cxd5 d6 7. e4 0-0 8. Bg5 Re8 9. Be2 Nbd7 10. Nh3 Ne5 11. Nf2 h6 12. Be3 Ng6 13. Qd2 a6 14. 0-0 Nh5 15. g4 Nf6 16. g5 hxg5 17. Bxg5 Qa5 18. Bxf6 gxf6 19. Kh1 Kg7 20. Rg1 Rh8 21. Bd3 Rh5 22. f4 Bxc3 23. bxc3 f5 24. Qe2 Kh6 25. Rg3 Bd7 26. exf5 Re8 27. Qxh5+ Kxh5 28. fxg6 c4 29. Rg5+ Kh6 30. gxf7 Qxc3 31. fxe8Q Qxa1+ 32. Kg2 Bxe8 33. Ng4# 1-0

[Event "POR-ch"]
[Site "Braga"]
[Date "2018.09.05"]
[Round "5"]
[White "Martins, David Pires Tavares"]
[Black "Rego, Pedro Filipe"]
[Result "1-0"]
[WhiteElo "2402"]
[BlackElo "2270"]
[PlyCount "51"]
[EventDate "2018.09.02"]
[EventType "tourn"]
[EventRounds "9"]
[EventCountry "POR"]
[EventCategory "3"]
[SourceTitle "CBM 186 Extra"]
[Source "ChessBase"]
[SourceDate "2018.08.24"]
[SourceVersion "1"]
[SourceVersionDate "2018.08.24"]
[SourceQuality "1"]

1. d4 Nf6 2. c4 e6 3. Nc3 Bb4 4. Qc2 b6 5. e4 c5 6. a3 Bxc3+ 7. bxc3 Bb7 8. e5 Ng8 9. Nf3 Bxf3 10. gxf3 Nc6 11. Qe4 cxd4 12. cxd4 Nge7 13. d5 Na5 14. Bg5 h6 15. Bxe7 Kxe7 16. Rd1 Qc8 17. Rg1 Kf8 18. Bd3 exd5 19. cxd5 Qc3+ 20. Kf1 Re8 21. f4 Qb3 22. Ke2 Qb2+ 23. Kf3 Nb7 24. Qf5 Nc5 25. Rxg7 Re7 26. d6 1-0